Đời sống cấy trồng
Một số cơ sở lí luận của việc trồng trọt; Những thành tựu mới của khoa học thế giới về việc nghiên cứu sinh lí thực vật và việc ứng dụng những thành tựu đó vào thực tiễn nông nghiệp nước ta
Sparad:
| Huvudupphovsman: | |
|---|---|
| Materialtyp: | Bok |
| Språk: | Vietnamese |
| Publicerad: |
H.
Khoa học và kĩ thuật
1978
|
| Ämnen: | |
| Taggar: |
Lägg till en tagg
Inga taggar, Lägg till första taggen!
|
| Thư viện lưu trữ: | Mạng thư viện Đại học Đà Nẵng |
|---|
| LEADER | 01355nam a2200337 4500 | ||
|---|---|---|---|
| 001 | 000009106 | ||
| 003 | 5300 | ||
| 005 | 20111025081037.0 | ||
| 008 | 111025s1978 viesd | ||
| 041 | 0 | |a vie | |
| 082 | |a 633 |b ĐA-T | ||
| 100 | 0 | |a Đào Thế Tuấn |e Tác giả | |
| 245 | 0 | |a Đời sống cấy trồng |c Đào Thế Tuấn | |
| 260 | |a H. |b Khoa học và kĩ thuật |c 1978 | ||
| 300 | |a 153tr. |b Hình vẽ |c 19 cm | ||
| 520 | |a Một số cơ sở lí luận của việc trồng trọt; Những thành tựu mới của khoa học thế giới về việc nghiên cứu sinh lí thực vật và việc ứng dụng những thành tựu đó vào thực tiễn nông nghiệp nước ta | ||
| 653 | |a Cây trồng | ||
| 653 | |a sinh thái thực vật | ||
| 653 | |a Công trình nghiên cứu | ||
| 700 | |a Đào Thế Tuấn |e Tác giả | ||
| 910 | |a Đỗ Phú Quý |d 25/10/2011 | ||
| OWN | |a LSP | ||
| AVA | |a UDN50 |b LSP |d 633 ĐA-T |e available |t Error 5001 Not defined in file expand_doc_bib_avail. |f 4 |g 1 |h N |i 0 |k 1 | ||
| 999 | |a From the UDN01 | ||
| AVA | |a UDN50 |b LSP |d 633 ĐA-T |e available |t Error 5001 Not defined in file expand_doc_bib_avail. |f 4 |g 1 |h N |i 0 |k 1 | ||
| TYP | |a Monograph | ||
| TYP | |a Printed language | ||
| 980 | |a Mạng thư viện Đại học Đà Nẵng | ||